Представление документа в формате MARC21

Поле Инд. ПП Название Значение
Тип записи a
Библиографический уровень m
001 Контрольный номер 2aeab6315006409b82c43b2a7a1b3407
005 Дата корректировки 20251007152244.7
020 c Цена, тираж 0-00
084 a Индекс другой классификации/Индекс ББК 4
091 i Возрастная адресация (DOS) 16+
097 b Оператор Попеленкова
245 10 a Заглавие Цветок
n Номер части/ раздела 17
260 c Дата издания 2025
900 a Имя макрообъекта 000000380157
901 t Тип документа s